[Event "NRW Class1 1617"]
[Site "Germany"]
[Date "2017.01.22"]
[Round "5.2"]
[White "Gruen, Gerd Peter"]
[Black "Heisel, Guido"]
[Result "1-0"]
[WhiteElo "2334"]
[BlackElo "2152"]
[PlyCount "105"]
[EventDate "2016.09.25"]
[EventType "team-tourn"]
[EventRounds "9"]
[EventCountry "GER"]
[SourceTitle "EXT 2023"]
[Source "ChessBase"]
[SourceDate "2022.10.05"]
[SourceVersion "1"]
[SourceVersionDate "2022.10.05"]
[SourceQuality "1"]
[WhiteTeam "Bielefeld"]
[BlackTeam "Duisburg PSV"]
[WhiteTeamCountry "GER"]
[BlackTeamCountry "GER"]

1. d4 d5 2. Bf4 Nf6 3. e3 g6 4. Nc3 Nh5 5. Bg5 c6 6. g4 Nf6 7. Be2 Qb6 8. Na4 Qa5+ 9. c3 Ne4 10. Bf4 b5 11. Nc5 Nxc5 12. dxc5 Bg7 13. Nf3 Bxg4 14. Be5 f6 15. Bxb8 Rxb8 16. Nd4 Bd7 17. b4 Qc7 18. a4 a6 19. h4 e5 20. Nb3 f5 21. h5 g5 22. h6 Bf6 23. Bh5+ Ke7 24. Kd2 Rhd8 25. Kc2 Be6 26. Qe2 Qd7 27. axb5 axb5 28. Ra6 d4 29. exd4 Bxb3+ 30. Kxb3 Qd5+ 31. Kb2 Qxh1 32. dxe5 Qd5 33. exf6+ Kxf6 34. Bf3 Qd2+ 35. Qxd2 Rxd2+ 36. Kb3 Rxf2 37. Bxc6 Ke5 38. Ra7 Rh2 39. Rxh7 f4 40. Bd7 Rb7 41. Re7+ Kf6 42. Re6+ Kf7 43. c6 Rc7 44. Re5 Rxh6 45. Rxb5 Ke7 46. Rxg5 Rf6 47. b5 f3 48. Bh3 f2 49. Bf1 Kd6 50. c4 Rf3+ 51. Kb4 Rh7 52. Rd5+ Ke6 53. b6 1-0

[Event "NRW Class1 1617"]
[Site "Germany"]
[Date "2016.11.13"]
[Round "3.2"]
[White "Keller, Thomas L"]
[Black "Heisel, Guido"]
[Result "0-1"]
[WhiteElo "2316"]
[BlackElo "2152"]
[PlyCount "88"]
[EventDate "2016.09.25"]
[EventType "team-tourn"]
[EventRounds "9"]
[EventCountry "GER"]
[SourceTitle "EXT 2023"]
[Source "ChessBase"]
[SourceDate "2022.10.05"]
[SourceVersion "1"]
[SourceVersionDate "2022.10.05"]
[SourceQuality "1"]
[WhiteTeam "Bruehl"]
[BlackTeam "Duisburg PSV"]
[WhiteTeamCountry "GER"]
[BlackTeamCountry "GER"]

1. e4 d5 2. exd5 Nf6 3. c4 e6 4. dxe6 Bxe6 5. Be2 Nc6 6. Nf3 Bc5 7. 0-0 0-0 8. Nc3 Re8 9. d3 Qd6 10. Bg5 Bg4 11. Qd2 Bb4 12. Rfe1 Rxe2 13. Rxe2 Bxf3 14. gxf3 Nd4 15. Qe3 Nxe2+ 16. Qxe2 Bxc3 17. bxc3 Re8 18. Qf1 Nd7 19. f4 Nf8 20. f5 Qe5 21. Bh4 Qxf5 22. Bg3 c6 23. d4 h5 24. Re1 Re6 25. f3 Ng6 26. Rxe6 Qxe6 27. Kf2 Qf5 28. Qe2 Kh7 29. Bc7 Qd7 30. Bb8 Qd8 31. Bxa7 Qc7 32. c5 Qxh2+ 33. Ke1 Qg1+ 34. Kd2 Qa1 35. Bb8 Qxa2+ 36. Kd3 Qb1+ 37. Ke3 Qg1+ 38. Kd3 Qb1+ 39. Ke3 h4 40. Bd6 Qg1+ 41. Kd3 f5 42. Qh2 Qb1+ 43. Ke3 Qc1+ 44. Kd3 f4 0-1

[Event "NRW Class1 1617"]
[Site "Germany"]
[Date "2016.09.25"]
[Round "1.2"]
[White "Welzel, Philipp"]
[Black "Heisel, Guido"]
[Result "1-0"]
[WhiteElo "2166"]
[BlackElo "2152"]
[PlyCount "28"]
[EventDate "2016.09.25"]
[EventType "team-tourn"]
[EventRounds "9"]
[EventCountry "GER"]
[SourceTitle "EXT 2023"]
[Source "ChessBase"]
[SourceDate "2022.10.05"]
[SourceVersion "1"]
[SourceVersionDate "2022.10.05"]
[SourceQuality "1"]
[WhiteTeam "Ratingen"]
[BlackTeam "Duisburg PSV"]
[WhiteTeamCountry "GER"]
[BlackTeamCountry "GER"]

1. d4 c5 2. d5 f5 3. Nc3 Nf6 4. e4 fxe4 5. g4 d6 6. g5 Bg4 7. Bb5+ Nbd7 8. Be2 Bxe2 9. Qxe2 Ng8 10. Nh3 Qa5 11. Nf4 0-0-0 12. Ne6 Re8 13. Bd2 h6 14. Qh5 Rd8 1-0

[Event "NRW Class1 1314"]
[Site "Germany"]
[Date "2014.02.02"]
[Round "6.6"]
[White "Nissen, Claus"]
[Black "Heisel, Guido"]
[Result "1-0"]
[WhiteElo "2133"]
[BlackElo "2094"]
[PlyCount "63"]
[EventDate "2013.09.15"]
[EventType "team-tourn"]
[EventRounds "9"]
[EventCountry "GER"]
[SourceTitle "EXT 2015"]
[Source "ChessBase"]
[SourceDate "2014.11.20"]
[SourceVersion "1"]
[SourceVersionDate "2014.11.20"]
[SourceQuality "1"]
[WhiteTeam "Oberhausen"]
[BlackTeam "Duisburg PSV"]
[WhiteTeamCountry "GER"]
[BlackTeamCountry "GER"]

1. e4 d5 2. exd5 Nf6 3. d4 Bg4 4. Be2 Bxe2 5. Nxe2 Qxd5 6. 0-0 e6 7. Nbc3 Qh5 8. Bf4 Bd6 9. Qd3 a6 10. Bxd6 cxd6 11. Qg3 Ke7 12. d5 e5 13. f4 Nbd7 14. fxe5 dxe5 15. d6+ Kf8 16. h3 Qg6 17. Qf3 Rb8 18. Ng3 h5 19. Nf5 h4 20. Nd5 Rh5 21. Nxf6 Nxf6 22. Rad1 Rg5 23. d7 Rxf5 24. Qxf5 Rd8 25. Qxe5 Qxc2 26. Qd6+ Kg8 27. Rc1 Qe2 28. Rc8 Qe3+ 29. Kh1 Ne4 30. Rxd8+ Kh7 31. Qf4 Ng3+ 32. Kh2 1-0

[Event "NRW Class1 1314"]
[Site "Germany"]
[Date "2014.01.12"]
[Round "5.5"]
[White "Rosen, Willy"]
[Black "Heisel, Guido"]
[Result "0-1"]
[WhiteElo "2183"]
[BlackElo "2094"]
[PlyCount "54"]
[EventDate "2013.09.15"]
[EventType "team-tourn"]
[EventRounds "9"]
[EventCountry "GER"]
[SourceTitle "EXT 2015"]
[Source "ChessBase"]
[SourceDate "2014.11.20"]
[SourceVersion "1"]
[SourceVersionDate "2014.11.20"]
[SourceQuality "1"]
[WhiteTeam "Katernberg II"]
[BlackTeam "Duisburg PSV"]
[WhiteTeamCountry "GER"]
[BlackTeamCountry "GER"]

1. e4 d5 2. exd5 Nf6 3. d4 Bg4 4. f3 Bf5 5. c4 e6 6. Bd3 Bxd3 7. Qxd3 exd5 8. Nc3 Nc6 9. c5 Qd7 10. a3 Be7 11. Nge2 b6 12. b4 bxc5 13. bxc5 0-0 14. 0-0 Na5 15. Rb1 Nc4 16. Nxd5 Nxd5 17. Qxc4 Bf6 18. Rd1 Rad8 19. Nf4 Qf5 20. Nxd5 Rxd5 21. Be3 Rfd8 22. Rb7 Qe6 23. Bf2 Qc6 24. Rdb1 Qe8 25. Rxc7 Bxd4 26. h3 Bxf2+ 27. Kxf2 Qe5 0-1

[Event "NRW Class1 1314"]
[Site "Germany"]
[Date "2013.11.17"]
[Round "3.5"]
[White "Forchert, Niko"]
[Black "Heisel, Guido"]
[Result "1/2-1/2"]
[WhiteElo "2123"]
[BlackElo "2094"]
[PlyCount "124"]
[EventDate "2013.09.15"]
[EventType "team-tourn"]
[EventRounds "9"]
[EventCountry "GER"]
[SourceTitle "EXT 2015"]
[Source "ChessBase"]
[SourceDate "2014.11.20"]
[SourceVersion "1"]
[SourceVersionDate "2014.11.20"]
[SourceQuality "1"]
[WhiteTeam "Bielefeld"]
[BlackTeam "Duisburg PSV"]
[WhiteTeamCountry "GER"]
[BlackTeamCountry "GER"]

1. d4 g6 2. Nf3 Bg7 3. c3 Nf6 4. Bg5 Ne4 5. Bf4 d5 6. Nbd2 Nd6 7. e3 0-0 8. Qb3 c6 9. Bd3 Nd7 10. 0-0 Nf6 11. Be5 Nh5 12. c4 dxc4 13. Nxc4 Nxc4 14. Bxc4 b5 15. Be2 Be6 16. Qc2 f6 17. Bg3 Nxg3 18. hxg3 Qd6 19. Rfc1 Bd7 20. Qc5 Rfd8 21. Nd2 Qxc5 22. Rxc5 e5 23. dxe5 fxe5 24. Ne4 Rab8 25. Bf3 Rb6 26. Rd1 Kf8 27. Rc2 Ke7 28. Rcd2 Rbb8 29. Nc5 Bf5 30. Rxd8 Rxd8 31. Rxd8 Kxd8 32. Bxc6 Kc7 33. Be4 Kb6 34. Bxf5 Kxc5 35. Be4 a5 36. Kf1 a4 37. Ke2 b4 38. Kd3 Bf6 39. g4 Bh4 40. g3 Bf6 41. Kc2 Bd8 42. f4 Bf6 43. g5 Be7 44. Kd3 a3 45. b3 Bd8 46. Bb7 Be7 47. Ke4 exf4 48. gxf4 Kd6 49. Bd5 Bf8 50. Bg8 h6 51. Bh7 hxg5 52. fxg5 Bg7 53. Bxg6 Bc3 54. Bf7 Bb2 55. Kf5 Bc3 56. Bc4 Bb2 57. Be2 Bc3 58. Ke4 Kc5 59. Kf5 Kd6 60. g6 Bb2 61. Bf3 Bc3 62. Kg5 Bg7 1/2-1/2

[Event "Oberliga NRW 1213"]
[Site "Germany"]
[Date "2013.03.10"]
[Round "7.6"]
[White "Meessen, Rudolf"]
[Black "Heisel, Guido"]
[Result "1-0"]
[WhiteElo "2254"]
[BlackElo "2161"]
[PlyCount "121"]
[EventDate "2012.09.16"]
[EventType "team-tourn"]
[EventRounds "9"]
[EventCountry "GER"]
[SourceTitle "EXT 2017"]
[Source "ChessBase"]
[SourceDate "2016.10.25"]
[SourceVersion "1"]
[SourceVersionDate "2016.10.25"]
[SourceQuality "1"]
[WhiteTeam "Aachen"]
[BlackTeam "Duisburg PSV"]
[WhiteTeamCountry "GER"]
[BlackTeamCountry "GER"]

1. d4 d5 2. c4 e6 3. Nc3 Nf6 4. Nf3 c6 5. Bg5 Nbd7 6. cxd5 exd5 7. e3 Be7 8. Qc2 h6 9. Bf4 Nh5 10. Be5 Nxe5 11. dxe5 g6 12. Bd3 Ng7 13. 0-0-0 Ne6 14. Nd4 Qa5 15. Bxg6 Nxd4 16. Rxd4 Be6 17. Bf5 c5 18. Rdd1 0-0-0 19. Rxd5 Kb8 20. Rxd8+ Bxd8 21. Bxe6 fxe6 22. Qg6 Qa6 23. Qg7 Re8 24. Qd7 Rg8 25. Rd1 Bc7 26. Nb5 Rc8 27. Nd6 Rd8 28. Qxe6 Qe2 29. Qf5 a5 30. Qf3 Qa6 31. a4 Bxd6 32. exd6 Qc4+ 33. Kb1 Qxa4 34. Rd5 c4 35. Qf4 b6 36. d7+ Kb7 37. Qd4 Kc7 38. Qe5+ Kb7 39. Qe7 Kc7 40. Qd6+ Kb7 41. Rd4 Qb5 42. e4 c3 43. Qd5+ Qxd5 44. Rxd5 cxb2 45. e5 Kc6 46. Rd6+ Kc7 47. f4 Rxd7 48. Rxd7+ Kxd7 49. f5 b5 50. Kxb2 b4 51. Kb3 Ke7 52. g4 Kf7 53. h4 Ke7 54. g5 hxg5 55. hxg5 Kf7 56. g6+ Kf8 57. f6 Kg8 58. e6 Kf8 59. Kc4 b3 60. Kd5 b2 61. Kd6 1-0

[Event "Oberliga NRW 1112"]
[Site "Germany"]
[Date "2011.12.04"]
[Round "4.7"]
[White "Heisel, Guido"]
[Black "Tkachuk, Sergij"]
[Result "1/2-1/2"]
[WhiteElo "2165"]
[BlackElo "2156"]
[PlyCount "101"]
[EventDate "2011.09.18"]
[EventType "team-tourn"]
[EventRounds "9"]
[EventCountry "GER"]
[SourceTitle "EXT 2015"]
[Source "ChessBase"]
[SourceDate "2014.11.20"]
[SourceVersion "1"]
[SourceVersionDate "2014.11.20"]
[SourceQuality "1"]
[WhiteTeam "Duisburg PSV"]
[BlackTeam "Bochum SG II"]
[WhiteTeamCountry "GER"]
[BlackTeamCountry "GER"]

1. d4 Nf6 2. Bg5 d5 3. e3 e6 4. Nd2 Be7 5. Bd3 b6 6. f4 c5 7. c3 Bb7 8. Qf3 h6 9. Bh4 Nfd7 10. Bf2 0-0 11. g4 Ba6 12. Bc2 cxd4 13. exd4 Nc6 14. h4 h5 15. gxh5 f5 16. Nh3 Rf6 17. Ng5 Nf8 18. Be3 Rc8 19. a3 Rh6 20. Kf2 Qe8 21. Bd1 Na5 22. a4 Bd3 23. Rg1 Bf6 24. Kg3 Nc4 25. Nxc4 Bxc4 26. Bd2 a5 27. Qe3 Qd7 28. b3 Ba6 29. Bf3 Be7 30. Kh3 Rc7 31. Rg2 Ra7 32. Re1 Rc7 33. Qg1 Ba3 34. Rg3 Bb2 35. Bd1 Ba3 36. Qg2 Bd6 37. Bf3 Bb7 38. Qe2 Qc8 39. Qg2 Re7 40. Rg1 Qc7 41. Nxe6 Nxe6 42. Bxd5 Bxd5 43. Qxd5 Bxf4 44. Bxf4 Qxf4 45. Rf3 Qe4 46. Qxf5 Qxf5+ 47. Rxf5 Nf8 48. c4 Nd7 49. Rb5 Re4 50. Rg4 Re3+ 51. Rg3 1/2-1/2

[Event "Oberliga NRW 1011"]
[Site "Germany"]
[Date "2011.01.09"]
[Round "5.6"]
[White "Hirsch, Stefan"]
[Black "Heisel, Guido"]
[Result "1/2-1/2"]
[WhiteElo "2225"]
[BlackElo "2236"]
[PlyCount "126"]
[EventDate "2010.09.26"]
[EventType "team-tourn"]
[EventRounds "9"]
[EventCountry "GER"]
[SourceTitle "EXT 2012"]
[Source "ChessBase"]
[SourceDate "2011.11.24"]
[SourceVersion "1"]
[SourceVersionDate "2011.11.24"]
[SourceQuality "1"]
[WhiteTeam "Wattenscheid II"]
[BlackTeam "Duisburg"]
[WhiteTeamCountry "GER"]
[BlackTeamCountry "GER"]

1. e4 d5 2. exd5 Qxd5 3. Nc3 Qd6 4. Nf3 Nf6 5. Be2 a6 6. d4 g6 7. h3 Bg7 8. Be3 Qb4 9. a3 Qa5 10. b4 Qf5 11. Ne5 0-0 12. Bc4 h5 13. Ne2 Qe4 14. Ng3 Qxg2 15. Nf3 Bxh3 16. Bf1 Qxh1 17. Nxh1 Bg4 18. Be2 Nc6 19. Ng3 Rad8 20. Qd3 e5 21. 0-0-0 Rfe8 22. Qc4 e4 23. Ng5 Rd7 24. Bxg4 Nxg4 25. c3 Nxe3 26. fxe3 Bh6 27. N3xe4 Kg7 28. Rf1 Nd8 29. d5 Re5 30. Nf3 Bxe3+ 31. Kb1 Rexd5 32. Nc5 Bxc5 33. bxc5 Ne6 34. c6 bxc6 35. Qxa6 Rb5+ 36. Kc2 Rd6 37. Rd1 Rbd5 38. Rxd5 cxd5 39. Qe2 g5 40. a4 g4 41. Nh4 Kf6 42. Qf2+ Kg5 43. Nf5 Rd8 44. Ne7 Nf4 45. Qe3 f6 46. Nc6 Ra8 47. a5 h4 48. Nd4 Rxa5 49. Ne6+ Kf5 50. Nxf4 g3 51. Qf3 Ra2+ 52. Kd3 Rf2 53. Qh5+ Kxf4 54. Qxh4+ Kf3 55. Qxf6+ Kg2 56. Qg5 c6 57. Qg4 Rf3+ 58. Kd2 Kf2 59. Qd4+ Kf1 60. Qg4 Kf2 61. Qd4+ Kf1 62. Qg4 Kf2 63. Qd4+ Kf1 1/2-1/2

[Event "Oberliga NRW 0910"]
[Site "Germany"]
[Date "2010.03.21"]
[Round "8.6"]
[White "Heisel, Guido"]
[Black "Friedl, Thomas"]
[Result "1-0"]
[WhiteElo "2265"]
[BlackElo "2211"]
[PlyCount "25"]
[EventDate "2009.09.20"]
[EventType "team-tourn"]
[EventRounds "9"]
[EventCountry "GER"]
[SourceTitle "EXT 2011"]
[Source "ChessBase"]
[SourceDate "2010.11.26"]
[SourceVersion "1"]
[SourceVersionDate "2010.11.26"]
[SourceQuality "1"]
[WhiteTeam "Duisburg PSV"]
[BlackTeam "Castrop Rauxel"]
[WhiteTeamCountry "GER"]
[BlackTeamCountry "GER"]

1. d4 d5 2. Bf4 f5 3. e3 e6 4. g4 Nf6 5. gxf5 exf5 6. c4 c6 7. Nc3 Be6 8. Qb3 Qb6 9. c5 Qxb3 10. axb3 Nbd7 11. b4 b5 12. Ra6 Rc8 13. Nxb5 1-0

[Event "Oberliga NRW 0809"]
[Site "Germany"]
[Date "2009.02.01"]
[Round "6.6"]
[White "Weick, Bjoern"]
[Black "Heisel, Guido"]
[Result "0-1"]
[WhiteElo "2133"]
[BlackElo "2252"]
[PlyCount "104"]
[EventDate "2008.09.21"]
[EventType "team-tourn"]
[EventRounds "9"]
[EventCountry "GER"]
[SourceTitle "EXT 2010"]
[Source "ChessBase"]
[SourceDate "2010.11.25"]
[SourceVersion "1"]
[SourceVersionDate "2010.11.25"]
[SourceQuality "1"]
[WhiteTeam "Elberfeld"]
[BlackTeam "Duisburg"]
[WhiteTeamCountry "GER"]
[BlackTeamCountry "GER"]

1. Nf3 d5 2. c4 d4 3. b4 g6 4. Bb2 Bg7 5. g3 e5 6. d3 a5 7. a3 c5 8. bxc5 Na6 9. a4 Nxc5 10. Na3 Bd7 11. Nb5 Bc6 12. Bg2 Ne7 13. 0-0 0-0 14. Ba3 b6 15. Rb1 Nf5 16. Nd2 Bxg2 17. Kxg2 Qd7 18. Bxc5 bxc5 19. Kg1 Rfc8 20. Ne4 Nh6 21. Qd2 Ra6 22. Kg2 f5 23. Ng5 Ng4 24. h3 Nf6 25. e3 Qc6+ 26. Kh2 h6 27. exd4 cxd4 28. f4 hxg5 29. fxe5 Nh7 30. Nd6 Rd8 31. c5 Qd5 32. Rfe1 Ra7 33. e6 Bf8 34. Nf7 Re8 35. Re5 Qa8 36. Nd6 Ree7 37. Nb5 Ra6 38. Rbe1 Bg7 39. R5e2 Rc6 40. Qc2 g4 41. h4 g5 42. Nd6 f4 43. Nf5 fxg3+ 44. Kg1 Rcc7 45. Nxe7+ Rxe7 46. c6 gxh4 47. c7 Qc8 48. Qc4 h3 49. Rb1 Rxc7 50. e7+ Rxc4 51. e8Q+ Qxe8 52. Rxe8+ Kf7 0-1

[Event "Oberliga NRW 0809"]
[Site "Germany"]
[Date "2008.10.12"]
[Round "2.7"]
[White "Biedekoepper, Robert"]
[Black "Heisel, Guido"]
[Result "0-1"]
[WhiteElo "2137"]
[BlackElo "2252"]
[PlyCount "88"]
[EventDate "2008.09.21"]
[EventType "team-tourn"]
[EventRounds "9"]
[EventCountry "GER"]
[SourceTitle "EXT 2010"]
[Source "ChessBase"]
[SourceDate "2010.11.25"]
[SourceVersion "1"]
[SourceVersionDate "2010.11.25"]
[SourceQuality "1"]
[WhiteTeam "Godesberg II"]
[BlackTeam "Duisburg"]
[WhiteTeamCountry "GER"]
[BlackTeamCountry "GER"]

1. d4 d5 2. c4 Nc6 3. Nc3 dxc4 4. d5 Ne5 5. f4 Ng4 6. e4 e5 7. f5 h5 8. Bxc4 Bc5 9. Nf3 a6 10. Qe2 Bf2+ 11. Kf1 Bd4 12. h3 N4h6 13. g3 Ne7 14. Kg2 c5 15. Nxd4 cxd4 16. Nd1 f6 17. Qxh5+ Nf7 18. Qe2 g6 19. fxg6 Nxg6 20. Nf2 Nd6 21. Bd3 Qe7 22. Bd2 Qg7 23. Kf1 f5 24. Ke1 Bd7 25. Rc1 Ne7 26. Rg1 fxe4 27. Nxe4 Nxe4 28. Bxe4 Rxh3 29. Qg2 Rc8 30. g4 Rxc1+ 31. Bxc1 Qh8 32. Rf1 Qh4+ 33. Qf2 Qxf2+ 34. Rxf2 Bxg4 35. d6 Nc6 36. Rf6 Kd7 37. Bh6 Be6 38. Bg2 Rh2 39. Kf2 Kxd6 40. Kg3 Rh5 41. Bf3 Rf5 42. Rg6 Ne7 43. Rg7 Rf6 44. Rh7 Nf5+ 0-1

[Event "BL2-West 0708"]
[Site "Germany"]
[Date "2008.03.09"]
[Round "7.6"]
[White "Dann, Matthias"]
[Black "Heisel, Guido"]
[Result "1-0"]
[WhiteElo "2118"]
[BlackElo "2282"]
[PlyCount "85"]
[EventDate "2007.10.21"]
[EventType "team-tourn"]
[EventRounds "9"]
[EventCountry "GER"]
[SourceTitle "EXT 2009"]
[Source "ChessBase"]
[SourceDate "2008.11.26"]
[SourceVersion "1"]
[SourceVersionDate "2008.11.26"]
[SourceQuality "1"]
[WhiteTeam "Schott Mainz"]
[BlackTeam "Duisburg"]
[WhiteTeamCountry "GER"]
[BlackTeamCountry "GER"]

1. e4 g6 2. d4 Bg7 3. Nc3 c6 4. f4 d5 5. e5 h5 6. Be3 Nh6 7. Nf3 Bg4 8. Be2 e6 9. Qd2 Nd7 10. g3 Nb6 11. b3 a5 12. h3 Bxf3 13. Bxf3 Nf5 14. Bf2 a4 15. Rb1 axb3 16. axb3 Bf8 17. Ne2 Be7 18. 0-0 g5 19. fxg5 Bxg5 20. Qd3 Nd7 21. Rbd1 Qc7 22. h4 Be7 23. Nf4 Ng7 24. Ra1 0-0-0 25. Ra8+ Nb8 26. c4 Rhg8 27. cxd5 exd5 28. Nxh5 Ne6 29. Kh1 Qd7 30. Qf5 Nc7 31. Qxd7+ Kxd7 32. Ra2 Ne6 33. g4 Na6 34. g5 Rh8 35. Bg4 Rh7 36. Bg3 Rdh8 37. Nf6+ Bxf6 38. Bxe6+ Kxe6 39. exf6 Rxh4+ 40. Bxh4 Rxh4+ 41. Rh2 Rxd4 42. g6 Rg4 43. Re2+ 1-0

[Event "BL2-West 0708"]
[Site "Germany"]
[Date "2008.01.20"]
[Round "5.6"]
[White "Kabatianski, Alexander"]
[Black "Heisel, Guido"]
[Result "1-0"]
[WhiteElo "2427"]
[BlackElo "2282"]
[PlyCount "79"]
[EventDate "2007.10.21"]
[EventType "team-tourn"]
[EventRounds "9"]
[EventCountry "GER"]
[SourceTitle "EXT 2009"]
[Source "ChessBase"]
[SourceDate "2008.11.26"]
[SourceVersion "1"]
[SourceVersionDate "2008.11.26"]
[SourceQuality "1"]
[WhiteTeam "Emsdetten Turm"]
[BlackTeam "Duisburg"]
[WhiteTeamCountry "GER"]
[BlackTeamCountry "GER"]

1. d4 d5 2. c4 Nc6 3. Nf3 Bg4 4. Qa4 Nf6 5. Nc3 Qd7 6. e3 Bxf3 7. gxf3 e6 8. Bd2 dxc4 9. Bxc4 Nd5 10. Be2 Nb6 11. Qc2 0-0-0 12. 0-0-0 Kb8 13. Kb1 f5 14. f4 Nb4 15. Qb3 N4d5 16. Bf3 Nxc3+ 17. bxc3 Qa4 18. Qxa4 Nxa4 19. Kc2 Rd6 20. c4 Rb6 21. Rb1 c5 22. Ba5 Rxb1 23. Rxb1 b6 24. Bd2 Kc7 25. Kb3 b5 26. cxb5 Nb6 27. dxc5 Bxc5 28. Rc1 Kd6 29. Bc6 Nd5 30. a4 h6 31. Bxd5 Kxd5 32. Bb4 Bxb4 33. Kxb4 g5 34. a5 Rb8 35. Rc4 gxf4 36. Rd4+ Ke5 37. Rxf4 Rg8 38. b6 axb6 39. axb6 Rg1 40. Kb5 1-0

[Event "BL2-West 0708"]
[Site "Germany"]
[Date "2007.11.25"]
[Round "3.7"]
[White "Nogly, Christoph"]
[Black "Heisel, Guido"]
[Result "1-0"]
[WhiteElo "2301"]
[BlackElo "2282"]
[PlyCount "127"]
[EventDate "2007.10.21"]
[EventType "team-tourn"]
[EventRounds "9"]
[EventCountry "GER"]
[SourceTitle "EXT 2009"]
[Source "ChessBase"]
[SourceDate "2008.11.26"]
[SourceVersion "1"]
[SourceVersionDate "2008.11.26"]
[SourceQuality "1"]
[WhiteTeam "Hofheim"]
[BlackTeam "Duisburg"]
[WhiteTeamCountry "GER"]
[BlackTeamCountry "GER"]

1. d4 d5 2. c4 Nc6 3. Nf3 Bg4 4. Nc3 e6 5. cxd5 exd5 6. Bf4 Bb4 7. Ne5 Nxe5 8. Bxe5 Bxc3+ 9. bxc3 f6 10. Bg3 Ne7 11. Qb3 b6 12. e3 0-0 13. f3 Be6 14. Bd3 c5 15. Qb1 Kh8 16. 0-0 Bf7 17. a4 Bg6 18. a5 Bxd3 19. Qxd3 c4 20. Qb1 bxa5 21. Qb5 Re8 22. e4 f5 23. e5 Rb8 24. Qxa5 Nc8 25. Qxd8 Rxd8 26. Rfb1 Rb6 27. Rxb6 axb6 28. Ra8 g5 29. f4 h6 30. fxg5 hxg5 31. h4 gxh4 32. Bxh4 Re8 33. Kf2 Kg7 34. Kf3 Kf7 35. Rb8 Ke6 36. Bf6 Kd7 37. Kf4 Kc7 38. Ra8 Rg8 39. Ra2 b5 40. Kxf5 Rg3 41. Rc2 Kc6 42. Bh4 Rd3 43. g4 b4 44. cxb4 Rxd4 45. Bf2 Rd3 46. Ke6 Rb3 47. Rd2 Rxb4 48. Rxd5 Rb2 49. Rc5+ Kb7 50. Be3 Re2 51. Bf4 Nb6 52. g5 Re4 53. Kf5 Rd4 54. Be3 Rd3 55. Ke4 Rb3 56. g6 Nd7 57. Rxc4 Rb2 58. Kf5 Rg2 59. Bg5 Nxe5 60. Kxe5 Rxg5+ 61. Kf6 Rg1 62. g7 Rf1+ 63. Kg5 Rg1+ 64. Rg4 1-0

[Event "Oberliga NRW 0607"]
[Site "Germany"]
[Date "2006.11.26"]
[Round "3.5"]
[White "Zajogin, Alexander"]
[Black "Heisel, Guido"]
[Result "1-0"]
[WhiteElo "2391"]
[BlackElo "2302"]
[PlyCount "59"]
[EventDate "2006.09.17"]
[EventType "team-tourn"]
[EventRounds "9"]
[EventCountry "GER"]
[SourceTitle "EXT 2008"]
[Source "ChessBase"]
[SourceDate "2007.11.25"]
[SourceVersion "1"]
[SourceVersionDate "2007.11.25"]
[SourceQuality "1"]
[WhiteTeam "Betzdorf Kirchen"]
[BlackTeam "Duisburg"]
[WhiteTeamCountry "GER"]
[BlackTeamCountry "GER"]

1. d4 d5 2. c4 Nc6 3. e3 e5 4. dxe5 d4 5. a3 dxe3 6. Qxd8+ Kxd8 7. Bxe3 Nxe5 8. Nc3 Be6 9. 0-0-0+ Kc8 10. c5 Ne7 11. f3 h5 12. Nh3 Nf5 13. Bf2 Be7 14. Nd5 Bxd5 15. Rxd5 f6 16. Nf4 c6 17. Rd1 g5 18. Ne6 Re8 19. Bd3 Nh6 20. Bg3 h4 21. Bxe5 fxe5 22. Bg6 Rg8 23. Bh7 Re8 24. Bg6 Rg8 25. Bc2 a5 26. Rd2 a4 27. Rhd1 Bf6 28. Rd7 Re8 29. Nc7 Re7 30. Nxa8 1-0

[Event "Oberliga NRW 0607"]
[Site "Germany"]
[Date "2006.10.29"]
[Round "2.5"]
[White "Heisel, Guido"]
[Black "Begnis, Nikolaos"]
[Result "1-0"]
[WhiteElo "2302"]
[BlackElo "2279"]
[PlyCount "44"]
[EventDate "2006.09.17"]
[EventType "team-tourn"]
[EventRounds "9"]
[EventCountry "GER"]
[SourceTitle "EXT 2007"]
[Source "ChessBase"]
[SourceDate "2006.11.23"]
[SourceVersion "1"]
[SourceVersionDate "2006.11.23"]
[SourceQuality "1"]
[WhiteTeam "Duisburg"]
[BlackTeam "Aachen"]
[WhiteTeamCountry "GER"]
[BlackTeamCountry "GER"]

1. d4 g6 2. e4 Bg7 3. Nc3 c5 4. d5 d6 5. Bb5+ Bd7 6. a4 Nf6 7. Nf3 0-0 8. h3 Na6 9. Be2 Nc7 10. 0-0 a6 11. a5 Bb5 12. Nd2 Bxe2 13. Qxe2 e6 14. dxe6 Nxe6 15. Nc4 Nd4 16. Qd3 Nd7 17. f4 b5 18. Nxd6 Qb8 19. e5 Bxe5 20. Nde4 Bg7 21. Be3 Qb7 22. Bxd4 cxd4 1-0

[Event "Oberliga NRW 0506"]
[Site "Germany"]
[Date "2006.04.02"]
[Round "8.4"]
[White "Heisel, Guido"]
[Black "Schlecht, Daniel"]
[Result "1/2-1/2"]
[WhiteElo "2282"]
[BlackElo "2386"]
[PlyCount "152"]
[EventDate "2005.09.25"]
[EventType "team-tourn"]
[EventRounds "9"]
[EventCountry "GER"]
[SourceTitle "EXT 2007"]
[Source "ChessBase"]
[SourceDate "2006.11.23"]
[SourceVersion "1"]
[SourceVersionDate "2006.11.23"]
[SourceQuality "1"]
[WhiteTeam "Duisburg PSV"]
[BlackTeam "Plettenberg"]
[WhiteTeamCountry "GER"]
[BlackTeamCountry "GER"]

1. d4 d5 2. Bg5 h6 3. Bh4 c6 4. e3 Qb6 5. b3 e5 6. Nf3 exd4 7. exd4 Be7 8. Bg3 Nf6 9. Bd3 0-0 10. 0-0 Be6 11. Re1 Re8 12. c3 Nbd7 13. Nbd2 c5 14. Rc1 Rac8 15. Be5 c4 16. bxc4 dxc4 17. Bf1 Qc6 18. Qc2 b5 19. Re2 a5 20. Rce1 b4 21. Bg3 bxc3 22. Qxc3 Bb4 23. Qc2 Nb6 24. Re5 Qa4 25. Rc1 Qxc2 26. Rxc2 c3 27. Nb3 Nfd5 28. Ba6 Ra8 29. Bb5 Rec8 30. h3 Nc4 31. Bxc4 Rxc4 32. Kf1 Ba3 33. Ne1 Nb4 34. Nxa5 Nxc2 35. Nxc2 Ra4 36. Nb3 Bb2 37. d5 Bc8 38. d6 Be6 39. Nc5 Bc4+ 40. Kg1 Rxa2 41. d7 Be6 42. Nxe6 fxe6 43. Rc5 Ra1+ 44. Nxa1 Rxa1+ 45. Kh2 Rd1 46. Rc7 Kf8 47. Be5 Ke7 48. Bxg7 Rxd7 49. Rc6 Rd2 50. f4 Rd3 51. Bxh6 Kd7 52. Rc4 Rd6 53. Bg7 Rc6 54. Rxc6 Kxc6 55. Kg3 Ba1 56. Bxc3 Bxc3 57. Kf3 Kd5 58. g4 Kd6 59. Ke4 Ke7 60. h4 Kf7 61. h5 Bd2 62. g5 Bc1 63. Ke5 Bb2+ 64. Kd6 Bc1 65. Ke5 Bb2+ 66. Ke4 Bc1 67. Kf3 Bd2 68. Kg4 Kg7 69. Kf3 Kf7 70. Ke4 Bc1 71. h6 Kg6 72. Ke5 Bd2 73. h7 Bxf4+ 74. Kxf4 Kxh7 75. Ke5 Kg6 76. Kxe6 Kxg5 1/2-1/2